|
|
|
|
| LEADER |
00000nam2a2200000 4500 |
| 001 |
181280 |
| 005 |
20231101223616.0 |
| 035 |
|
|
|a (RuTPU)RU\TPU\book\196512
|
| 090 |
|
|
|a 181280
|
| 100 |
|
|
|a 20100604d2010 k y0rusy50 ca
|
| 101 |
0 |
|
|a rus
|
| 102 |
|
|
|a BY
|
| 105 |
|
|
|a y l 000zy
|
| 200 |
0 |
|
|a Ч. 2
|
| 210 |
|
|
|d 2010
|
| 215 |
|
|
|a 144 с.
|
| 461 |
|
1 |
|0 (RuTPU)RU\TPU\book\204754
|t Расчетные нормативы для составления проектов организации строительства
|f Центральный научно-исследовательский и проектно-экспериментальный институт организации, механизации и технической помощи строительству (ЦНИИОМТП) Госстроя СССР
|v Ч. 2
|e 3-е изд., доп.
|d 2010
|
| 606 |
1 |
|
|a Строительные проекты
|x Составление
|2 stltpush
|3 (RuTPU)RU\TPU\subj\57731
|9 75589
|
| 610 |
1 |
|
|a расчетные нормативы
|
| 610 |
1 |
|
|a строительство
|
| 610 |
1 |
|
|a жилые здания
|
| 610 |
1 |
|
|a объем производства
|
| 610 |
1 |
|
|a материально-технические ресурсы
|
| 610 |
1 |
|
|a расход
|
| 610 |
1 |
|
|a строительные машины
|
| 610 |
1 |
|
|a потребности
|
| 610 |
1 |
|
|a химическое машиностроение
|
| 610 |
1 |
|
|a нефтяное машиностроение
|
| 610 |
1 |
|
|a объекты
|
| 610 |
1 |
|
|a здания
|
| 610 |
1 |
|
|a газовая промышленность
|
| 610 |
1 |
|
|a объекты водоснабжения
|
| 675 |
|
|
|a 69:658.512
|v 3
|
| 801 |
|
1 |
|a RU
|b 63413507
|c 20100604
|
| 801 |
|
2 |
|a RU
|b 63413507
|c 20101209
|g RCR
|
| 942 |
|
|
|c BK
|
| 959 |
|
|
|a 37/20100604
|d 1
|e 280,00
|f ЧЗТЛ:1
|